00719nam a2200241 a 4500001001300000003000900013005001700022008004100039020001000080082001800090100002000108245008100128260004800209300000800257500003500265505001000300650001800310700002000328902000800348942000700356952009900363999001500462nice12345678IN_TiNIC20260116012831.0050524s1989 newa grp 000 0 eng  ac10000a306.0954bBHA aBhandarkar, D R aSome Aspects of Ancient Indian Cultureb Sir William Meyer Lectures, 1938-39 aNew DelhibAsian Educational Servicesc1989 a87p aincludes index and biblioraphy2 aIndex aCulture-India1 aBhandarkar, D R bSRS cBK 00104070aHMIbHMId2007-04-04g100.00l0o306.0954 BHAp013742r2007-04-04w2026-01-16yEB c8568d8568